Social and cultural anthropology : (Record no. 22311)

MARC details
000 -LEADER
fixed length control field 01186cam a2200337 a 4500
001 - CONTROL NUMBER
control field 12220696
003 - CONTROL NUMBER IDENTIFIER
control field OSt
005 - DATE AND TIME OF LATEST TRANSACTION
control field 20211210155106.0
008 - FIXED-LENGTH DATA ELEMENTS--GENERAL INFORMATION
fixed length control field 001102s2000 enk b 001 0 eng d
010 ## - LIBRARY OF CONGRESS CONTROL NUMBER
LC control number 00710863
015 ## - NATIONAL BIBLIOGRAPHY NUMBER
National bibliography number GBA0-X8445
020 ## - INTERNATIONAL STANDARD BOOK NUMBER
International Standard Book Number 0415181550 (hbk)
020 ## - INTERNATIONAL STANDARD BOOK NUMBER
International Standard Book Number 0415181569 (pbk)
035 ## - SYSTEM CONTROL NUMBER
System control number (OCoLC)ocm44100343
040 ## - CATALOGING SOURCE
Original cataloging agency UKM
Transcribing agency HU
Modifying agency DLC
042 ## - AUTHENTICATION CODE
Authentication code lccopycat
050 00 - LIBRARY OF CONGRESS CALL NUMBER
Classification number GN316
Item number .R37 2000
082 00 - DEWEY DECIMAL CLASSIFICATION NUMBER
Classification number 306 RAP 2000
Edition number 21
100 1# - MAIN ENTRY--PERSONAL NAME
Personal name Rapport, Nigel,
Dates associated with a name 1956-
9 (RLIN) 22682
245 10 - TITLE STATEMENT
Title Social and cultural anthropology :
Remainder of title the key concepts /
Statement of responsibility, etc. Nigel Rapport and Joanna Overing.
260 ## - PUBLICATION, DISTRIBUTION, ETC.
Place of publication, distribution, etc. London ;
-- New York :
Name of publisher, distributor, etc. Routledge,
Date of publication, distribution, etc. 2000.
300 ## - PHYSICAL DESCRIPTION
Extent xii, 464 p. ;
Dimensions 23 cm.
440 #0 - SERIES STATEMENT/ADDED ENTRY--TITLE
Title Routledge key guides
9 (RLIN) 8343
504 ## - BIBLIOGRAPHY, ETC. NOTE
Bibliography, etc. note Includes bibliographical references (p. 409-444) and index.
650 #0 - SUBJECT ADDED ENTRY--TOPICAL TERM
Topical term or geographic name entry element Ethnology.
9 (RLIN) 13186
700 1# - ADDED ENTRY--PERSONAL NAME
Personal name Overing, Joanna.
9 (RLIN) 22683
856 42 - ELECTRONIC LOCATION AND ACCESS
Materials specified Publisher description
Uniform Resource Identifier <a href="http://www.loc.gov/catdir/enhancements/fy0649/00710863-d.html">http://www.loc.gov/catdir/enhancements/fy0649/00710863-d.html</a>
906 ## - LOCAL DATA ELEMENT F, LDF (RLIN)
a 7
b cbc
c copycat
d 2
e ncip
f 20
g y-gencatlg
942 ## - ADDED ENTRY ELEMENTS (KOHA)
Source of classification or shelving scheme Dewey Decimal Classification
Koha item type Books like text book referance book
Suppress in OPAC No
Holdings
Withdrawn status Lost status Source of classification or shelving scheme Damaged status Not for loan Collection code Home library Current library Shelving location Date acquired Total Checkouts Full call number Barcode Date last seen Copy number Price effective from Koha item type
    Dewey Decimal Classification     Reference Wondo Genet Library Wondo Genet Library General Stacks 12/10/2021   306 RAP 2000 WGCFNRL00007522 12/10/2021 1 12/10/2021 Books like text book referance book